000 00483nam a2200145Ia 4500
008 220216s9999 xx 000 0 und d
100 _aBaptiste E D C
245 0 _aPoisoning experiments with Hevea brasiliensis. II. Results of a further tree poisoning experiment with 2, 4, 5-T
260 _bJournal of the Rubber Research Institute of Malaya
_c1957
300 _a193-204
650 _aHevea brasiliensis
650 _aPoisoning experiment
700 _aJonge P De
942 _cJS
999 _c65213
_d65213